000 00360nam a2200145Ia 4500
005 20251222153610.0
008 251222s9999||||xx |||||||||||||| ||spa||
020 _a8480020423
082 _a340.1/D38J
100 _aDe Lucas, Javier
245 0 _aIntroducción a la Teoría del Derecho
250 _a1ra. ed.
264 _bTirant lo Blanch
942 _cLIB
999 _c31589
_d31589